|
|
|
|
| LEADER |
01635nam a22003257a 4500 |
| 001 |
43028 |
| 003 |
BD-DhAAL |
| 008 |
240908t2019 bg a|||| |||| 00| 0 ben d |
| 020 |
|
|
|a 9848600191
|
| 020 |
|
|
|a 9789848600191
|
| 040 |
|
|
|a BD-DhAAL
|c BD-DhAAL
|
| 041 |
|
|
|a ben
|
| 082 |
|
|
|a 297.55092
|
| 100 |
|
|
|a নাঈমা, জান্নাতুন,
|d ১৯৯৮-
|9 56743
|
| 245 |
|
|
|a আমার হজ্ব এবং প্রাধ্যয়ন /
|c জান্নাতুন নাঈমা.
|
| 246 |
|
|
|a Amar Hajj ebong praddhaon
|
| 250 |
|
|
|a পঞ্চম সংস্করণ.
|
| 264 |
|
|
|a ঢাকা :
|b মৌ প্রকাশনী,
|c ২০১৯.
|
| 300 |
|
|
|a ১১২ পৃষ্ঠা :
|b চিত্র ;
|c ২২ সে.মি.
|
| 541 |
|
|
|a Savar Campus Library
|e 43028, 43029
|
| 600 |
|
|
|a Naima, Jannatun
|x Travel
|z Saudi Arabia.
|9 56749
|
| 650 |
|
|
|a Muslim pilgrims and pilgrimages
|z Saudi Arabia
|z Mecca.
|9 2892
|
| 650 |
|
|
|a Mecca (Saudi Arabia)
|x Religious life and customs.
|9 56750
|
| 651 |
|
|
|a Mecca (Saudi Arabia)
|x Description and travel.
|9 56751
|
| 651 |
|
|
|a Medina (Saudi Arabia)
|x Description and travel.
|9 56752
|
| 852 |
|
|
|a Ayesha Abed Library
|
| 942 |
|
|
|2 ddc
|c BK
|
| 999 |
|
|
|c 46954
|d 46954
|
| 952 |
|
|
|0 0
|1 0
|2 ddc
|4 0
|6 297_550920000000000_NAI
|7 0
|9 76157
|a SCL
|b SCL
|c GEN
|d 2024-09-08
|e Savar Campus Library
|g 220.00
|l 0
|o 297.55092 NAI
|p 3020043028
|r 2024-09-08
|t 1
|w 2024-09-08
|y BK
|x Savar Campus Library
|
| 952 |
|
|
|0 0
|1 0
|2 ddc
|4 0
|6 297_550920000000000_NAI
|7 0
|9 76158
|a SCL
|b SCL
|c GEN
|d 2024-09-08
|e Savar Campus Library
|g 220.00
|l 0
|o 297.55092 NAI
|p 3020043029
|r 2024-09-08
|t 2
|w 2024-09-08
|y BK
|x Savar Campus Library
|